| Tag |
First Indicator |
Second Indicator |
Subfields |
| LEADER |
00000cam a22000001 4500 |
| 001 |
in00000073337 |
| 005 |
20151008052526.0 |
| 008 |
790925s1947 nyu b 00000 eng |
| 010 |
|
|
|a 47004937
|
| 035 |
|
|
|a (OCoLC)00757985
|
| 035 |
|
|
|9 AAH3732AM
|
| 040 |
|
|
|a DLC
|c DLC
|d TXA
|d UtOrBLW
|
| 049 |
|
|
|a TXAM
|c 1 [146853]
|c 2 [230675]
|
| 050 |
|
0 |
|a LB875
|b .L6 1947
|
| 082 |
0 |
|
|a 370.1
|
| 092 |
|
|
|a 370.1
|b L822p, 1947
|
| 100 |
1 |
|
|a Lodge, R. C.
|q (Rupert Clendon),
|d 1886-1961.
|
| 245 |
1 |
0 |
|a Philosophy of education.
|
| 250 |
|
|
|a Rev. ed.
|
| 264 |
|
1 |
|a New York :
|b Harper,
|c [1947]
|
| 300 |
|
|
|a x, 350 pages ;
|c 21 cm.
|
| 336 |
|
|
|a text
|b txt
|2 rdacontent
|
| 337 |
|
|
|a unmediated
|b n
|2 rdamedia
|
| 338 |
|
|
|a volume
|b nc
|2 rdacarrier
|
| 504 |
|
|
|a Bibliography: pages 342-346.
|
| 650 |
|
0 |
|a Education
|x Philosophy.
|
| 999 |
|
|
|a MARS
|
| 999 |
f |
f |
|s 8878690d-c167-3640-8155-69528a847621
|i caf80d5c-ef30-3ead-b9da-56a4a2afffcb
|t 0
|
| 952 |
f |
f |
|p normal
|a Texas A&M University
|b College Station
|c Sterling C. Evans Library
|s Evans stk
|d Evans: Library Stacks
|t 0
|e LB875 .L6 1947
|h Library of Congress classification
|i unmediated -- volume
|m A14800819016
|
| 998 |
f |
f |
|a LB875 .L6 1947
|t 0
|l Evans: Library Stacks
|